01371nam a2200349 a 4500001001200000003000800012006001900020007001500039008004100054010001700095015001900112016001800131020002600149020002300175040002100198035002100219043001200240050002600252082002500278100002300303245016600326260003600492300002500528504005100553533015200604650004600756655002900802700003000831710001700861856012600878999001701004ebr10226772CaPaEBRm u cr cn|||||||||070720s2008 njua sb 001 0 eng  z 2007029932 aGBA7771642bnb7 z0140158892Uk z9780470124666 (cloth) z0470124660 (cloth) aCaPaEBRcCaPaEBR a(OCoLC)608622464 an-us---14aRA645.O23bF56 2008eb04a362.196/398009732221 aFinkelstein, Eric.14aThe fattening of Americah[electronic resource] :bhow the economy makes us fat, if it matters, and what to do about it /cEric A. Finkelstein, Laurie Zuckerman. aHoboken, N.J. :bWiley,cc2008. axiii, 274 p. :bill. aIncludes bibliographical references and index. aElectronic reproduction.bPalo Alto, Calif. :cebrary,d2013.nAvailable via World Wide Web.nAccess may be limited to ebrary affiliated libraries. 0aObesityxEconomic aspectszUnited States. 7aElectronic books.2local1 aZuckerman, Laurie,d1972-2 aebrary, Inc.40uhttp://site.ebrary.com/lib/rucke/Doc?id=10226772zAn electronic book accessible through the World Wide Web; click to view c41768d41768